000 00482nam a22001811a 4500
001 4651
003 OSt
005 20260204211942.0
008 050905s1982||||dr ||||||b||||||||||spa||
050 _aRD 920 L493j
100 _aLebrón Saviñon, Mariano
245 _aJuan Pablo Duarte: escritos / Mariano Lebrón Saviñon
264 _aSanto Domingo: ONAP
300 _a129
490 _aColección ensayos No. 6
650 _a1.Biografía - Juan Pablo DuarteÌ
942 _2ddc
_cBK
999 _c4651
_d4651